00535nam a2200169 a 450000100100000000500170001000800410002704000250006808200170009310000330011024500640014326000430020730000250025050000430027570000380031883000090035600002318720200930022038.0101130s1988 cu r 000 0 spa d aDO-SdBNPbspacBNPHU axxxxxbG939t1 aGuevara, Ernesto,d1928-196710atemas económicos /cedición Ernesto Chávez Álvarez. aLa Habana :bCiencias Sociales,c1988. avi, 442 p. ;c23 cm. aIncluye notas al pie de las páginas.1 aChávez Álvarez, Ernesto,eed. 0aBNGR